Canzoni dei ABBA - Morte Improvvisa - Statistics

Statistiche generali
  • Questo quiz è stato fatto 71 volte
  • Il punteggio medio è 12 su 20
Answers on the Grid
Answers color-coded by a green-red scale on the quiz's grid according to % correct below.
Agincourt
All That She Wants
Alpha Papa
Chiquitita
Ciao Bella
Dancing Queen
Does Your Mother Know
Don't Speak
Fernando
Gimme! Gimme! Gimme! (A Man After Midnight)
Honey, Honey
I Have A Dream
It Must Have Been Love
Killer Queen
Knowing Me, Knowing You
Lay All Your Love On Me
Mamma Mia
Meet Me In Valevåg
Money, Money, Money
No, No, No, No, No!
Rasputin
Rock Me Amadeus
Slipping Through My Fingers
SOS
Super Trouper
Take A Chance On Me
Thank You For The Music
The Final Countdown
The Name Of The Game
The Winner Takes It All
Until Tomorrow
Voulez-Vous
Waterloo
 
Statistiche sulle risposte
Risposta % Corretto
Dancing Queen
92%
Gimme! Gimme! Gimme! (A Man After Midnight)
92%
Mamma Mia
90%
Money, Money, Money
71%
Waterloo
71%
Chiquitita
69%
Honey, Honey
69%
Fernando
67%
Super Trouper
65%
The Winner Takes It All
65%
Voulez-Vous
65%
SOS
59%
Lay All Your Love On Me
57%
Slipping Through My Fingers
51%
Take A Chance On Me
51%
I Have A Dream
43%
Knowing Me, Knowing You
43%
Thank You For The Music
35%
Does Your Mother Know
31%
The Name Of The Game
24%
Nessun quiz corrispondente trovato
Distribuzione punteggi
Percentuale di utenti per punteggio
Percentile per numero di risposta
I tuoi punteggi nel tempo
Non hai fatto questo quiz